Rǧimen legal y fiscal del fideicomiso Antonio Luna Guerra

Detalles Bibliográficos
Autor principal: Luna Guerra, Antonio
Formato: Libro
Lenguaje:español
Publicado: Mx̌ico, D.F: Ediciones Fiscales ISEF, 2011
Materias:
Acceso en línea:Acceso restringido

MARC

LEADER 00000nam a22000007a 4500
005 20130424190333.0
007 cr|||| ||||
008 130424t2011 mx ||||| |||| 00| 0 spa d
020 |a 978-670-406-269-4 
035 |a 10986 
040 |a vLex 
090 |c 4163  |d 4163 
100 1 |a Luna Guerra, Antonio 
245 1 0 |a Rǧimen legal y fiscal del fideicomiso  |h [Recurso electrn̤ico] /  |n Antonio Luna Guerra 
256 |a Servicio en ln̕ea 
260 |a Mx̌ico, D.F:  |b Ediciones Fiscales ISEF,   |c 2011 
300 |a 1 recurso electrn̤ico 
506 1 |a Contenido solo disponible en los productos indicados  |d vLex Global  |d vLex Global (Academic Edition, excluding Law Schools)  |d vLex Global (U.S. Academic Edition, Law Schools)  |d vLex Global (U.S. Academic Edition, excluding Law Schools)  |d vLex Global (Academic Edition, Law Schools) 
650 0 4 |a Derecho fiscal  |z Mx̌ico 
650 0 4 |a Derecho mercantil y de la empresa  |z Mx̌ico 
740 0 |a vLex Libros (Servicio en ln̕ea) 
856 4 0 |u http://vlex.com/source/regimen-legal-fiscal-fideicomiso-10986  |z Acceso restringido 
942 |c BOOK 
999 0 |a Taxation 
999 0 |a Commercial law